| 000 | 00932nam a22003137a 4500 | ||
|---|---|---|---|
| 003 | CHAP | ||
| 005 | 20220329134141.0 | ||
| 008 | 971013s1939 r 00010 d | ||
| 010 | _a16181 | ||
| 011 | _a17153 | ||
| 035 | _a21236 | ||
| 040 | _cCHAP | ||
| 082 |
_a632.8 _bH65 |
||
| 100 | 0 | 0 |
_aHolmes, Francis O. _955996 |
| 245 | _aHandbook of phytopathogenic viruses | ||
| 260 |
_aMinneapolis : _bBurges, _c1939 |
||
| 300 | _a221 p. | ||
| 590 |
_aBATCH-UPD _b10 _c20130110 _lUCH01 _h0141 |
||
| 590 |
_aBATCH-UPD _b10 _c20130110 _lUCH01 _h1022 |
||
| 590 |
_aBATCH-UPD _b10 _c20130410 _lUCH01 _h0627 |
||
| 590 |
_aBATCH-UPD _b10 _c20130914 _lUCH01 _h1413 |
||
| 590 |
_aCONVERSION _b10 _c20130109 _lUCH01 _h1310 |
||
| 650 | 1 | 4 |
_aFitopatología. _941161 |
| 650 | 1 | 4 |
_aPlantas _xEnfermedades por virus. _988834 |
| 650 | 1 | 4 |
_aVirus. _9119936 |
| 901 | _aBK | ||
| 942 | _cLIBRO | ||
| 949 |
_a632.8 H65 _bBC _cLIBRO _d-49466 _eLIBRO _h27539 _i21236 _si |
||
| 999 |
_c16181 _d16181 |
||